000 03014nam a22002777a 4500
001 10147
003 FISKH
005 20260427101028.0
008 260427b cb ||||| |||| 00| 0 eng d
020 _a9789924341376
040 _aFISKH
_bkhr
_cFISKH
_dFISKH
082 _a895.9323
100 _aSominea , Meng
245 _aវិស្សមកាលឥតព្រាងទុក /
_cដោយ ម៉េង សុមនា ,​ ដឹកនាំការនិពន្ធដោយ ហួត សុជាតា
260 _aភ្នំពេញ :
_bគ្រឹះស្ថានបោះពុម្ពផ្សាយ Sipar ,
_c2021 .
300 _a158 pages :
_billustrations ;
_c20 cm .
505 _aS
520 _aណាវីនអាយុ១៦ឆ្នាំ មិនដែលមើលឃើញថាខ្លួនឯងល្អទេ ទាំងរូបរាងទាំងការនិយាយស្តី ឬ សូម្បីតែវត្តមានខ្លួនឯងនៅលើលោកនេះ ។ នាងគិតថាគ្មាននរណាស្រឡាញ់នាងទេ​ ទាំងឪពុកមួយថ្ងៃៗចេញក្រៅរហូត ទាំងម្តាយដែលរវល់តែលក់ដូរ ទាំងបងប្រុសដែលគិតតែពីលេងហ្គេម ។ សូម្បីតែមិត្តម្នាក់គត់របស់នាងក៏ក្បត់នាងដែរ ។ ដូច្នេះណាវីនក៏ចាកចេញ ......ដោយបង្ហាញពីទំនាក់ទំនងគ្រួសារដែលប្រេះស្រាំ " វិស្សមកាលឥតព្រាងទុក" ជាដំណើរដ៏លន្លង់លន្លោច របស់ក្មេងស្រីម្នាក់ឆ្លងកាត់ការខូចចិត្ត និងការផ្សះផ្សាដ៏ស្ងប់ស្ងាត់មួយ ដើម្បីស្វែងរកខ្លួនឯង ។
520 _aNaveen is 16 years old and has never seen anything good about herself—neither her appearance, nor her way of speaking, nor even her existence in this world. She believes that no one loves her. Her father is always out, her mother is busy with her business, and her older brother only cares about playing games. Even her only friend has betrayed her. Because of this, Naveen decides to leave… Depicting a fractured family relationship, “An Unplanned Vacation” is a deeply emotional journey of a young girl as she goes through heartbreak and a quiet reconciliation, in search of her true self.
521 8 _a790
_bLexile estimate
521 8 _aS
_bRaz-Plus
650 _aវិស្សមកាលឥតព្រាងទុក
_v ប្រលោមលោកខ្មែរ
650 _aUnplanned vacation
_vKhmer fiction
942 _2ddc
_cKHB
_n0
999 _c10147
_d10147